Manual para la implementación de declaraciones ambientales de productos de construcción

Gorde:
Xehetasun bibliografikoak
Egile korporatiboa: Ministerio de Vivienda y Urbanismo (Egilea), Gobierno de Chile (Egilea)
Formatua: Liburua
Hizkuntza:gaztelania
Argitaratua: Santiago Ministerio de Vivienda y Urbanismo 2018
Edizioa:1a. ed
Saila:Colección Monografías y Ensayos. Estándares Técnicos de Construcción, 2
Gaiak:
Etiketak: Etiketa erantsi
Etiketarik gabe, Izan zaitez lehena erregistro honi etiketa jartzen!

MARC

LEADER 00000cam a2200000 a 4500
001 UCC3566
003 CL-VaPUC
008 180527e20180200cl |||||||||||||||||spa|d
020 |a 9789569432828 
082 0 4 |a 692.99  |b MIN  |2 21 
110 2 |a Ministerio de Vivienda y Urbanismo  |e author  |9 597596 
710 2 |a Gobierno de Chile  |e author  |9 597597 
245 1 0 |a Manual para la implementación de declaraciones ambientales de productos de construcción 
250 |a 1a. ed 
300 |a 82 p 
942 |c BK 
945 |d 20180527 18:33:00  |a arojas 
260 |a Santiago  |b Ministerio de Vivienda y Urbanismo  |c 2018 
650 0 |a Elementos estructurales  |9 350100 
650 0 |a Materiales de construcción  |9 260197 
650 0 |a Diseño estructural  |9 498280 
650 0 |a Normas de construcción  |9 520907 
583 |a last modification  |c 20180527 18:33:00  |k Rodrigo Vera 
490 0 |a Colección Monografías y Ensayos. Estándares Técnicos de Construcción, 2 
999 |c 371262  |d 371260 
952 |0 0  |1 0  |3 erb  |4 0  |6 692_990000000000000_MIN_2018  |7 0  |8 A  |9 488207  |a BIBARQ  |b BIBARQ  |i 5471257  |o 692.99 MIN 2018  |p 5471257  |r 2025-01-20  |w 2019-11-24  |y BK  |z Catalogado en:20180527  |k ARQ 
952 |0 0  |1 0  |3 erb  |4 0  |6 692_990000000000000_MIN_2018  |7 0  |8 A  |9 488208  |a BIBARQ  |b BIBARQ  |i 5471265  |o 692.99 MIN 2018  |p 5471265  |r 2025-01-20  |w 2019-11-24  |y BK  |z Catalogado en:20180527  |k ARQ